00636nam a2200205Ia 450000500170000000800410001704000190005804100120007708200150008910000210010424500940012525000120021926000300023130000510026150400500031265000120036265100250037470000210039985000100042020181203144458.0131103s9999 xx 000 0 und d aLoreto College aEnglish a551.5bMOR aMoran, Joseph P. aMeterologyb the atmosphere and science of weather cJoseph. P Moran and Lewis V. Morgan a2nd ed. aNew YorkbMacmillanc1989 axvii, 556 p.b ill., charts,fig., maps, tables aIncludes bibliographical references and index aGeology aGeology - Meterology aMorgan, Lewis V. aLCLIB